| 000 | 00000nam##2200000za#4500 |
| 001 | 9.698467 |
| 003 | CaOODSP |
| 005 | 20220901140052 |
| 007 | cr ||||||||||| |
| 008 | 150407|2004||||xxc|||||o f|0| 0 eng|d |
| 040 | |aCaOODSP|beng |
| 043 | |an-cn--- |
| 086 | 1 |aJ4-24/2004E-PDF |
| 110 | 1 |aCanada.|bJustice Canada. |
| 245 | 10|aParents' involvement in youth justice proceedings : |h[electronic resource]|bperspectives of youth and parents / |c[by] Michele Peterson Badali and Julia Broeking. |
| 260 | |aOttawa - Ontario : |bJustice Canada |cc2004. |
| 300 | |a10p. |
| 590 | |a13-22-Supp|b2013-09-26 |
| 690 | 07|aJustice system|2gcpds |
| 690 | 07|aYouth|2gcpds |
| 775 | 08|tIntervention des parents dans les procédures relatives au système de justice pour les jeunes : |w(CaOODSP)9.642473 |
| 856 | 40|ahttp://publications.gc.ca|qPDF|s130 KB|uhttps://publications.gc.ca/collections/collection_2013/jus/J4-24-2004-eng.pdf |